Bhartiya Madhyam Vyavsaye.

Bibliographic Details
Main Author: Kohli-Khandekar, Vanita.
Format: eBook
Language:Marathi
Published: New Delhi : SAGE Publications India Pvt, Ltd., 2017.
Edition:4th ed.
Subjects:
Online Access:Click to View
LEADER 01655nam a22003493i 4500
001 EBC5770067
003 MiAaPQ
005 20231204023214.0
006 m o d |
007 cr cnu||||||||
008 231204s2017 xx o ||||0 mar d
020 |a 9789386602671  |q (electronic bk.) 
035 |a (MiAaPQ)EBC5770067 
035 |a (Au-PeEL)EBL5770067 
035 |a (OCoLC)1101043019 
040 |a MiAaPQ  |b eng  |e rda  |e pn  |c MiAaPQ  |d MiAaPQ 
100 1 |a Kohli-Khandekar, Vanita. 
245 1 0 |a Bhartiya Madhyam Vyavsaye. 
250 |a 4th ed. 
264 1 |a New Delhi :  |b SAGE Publications India Pvt, Ltd.,  |c 2017. 
264 4 |c Ã2016. 
300 |a 1 online resource (474 pages) 
336 |a text  |b txt  |2 rdacontent 
337 |a computer  |b c  |2 rdamedia 
338 |a online resource  |b cr  |2 rdacarrier 
505 0 |a Cover -- Contents -- List of Tables and Figures -- Spacial Notes -- Preface -- Manogat -- Acknowledgements -- Special Thanks -- Chapter 1 -- Chapter 2 -- Chapter 3 -- Chapter 4 -- Chapter 5 -- Chapter 6 -- Chapter 7 -- Chapter 8 -- References -- About the Author. 
588 |a Description based on publisher supplied metadata and other sources. 
590 |a Electronic reproduction. Ann Arbor, Michigan : ProQuest Ebook Central, 2023. Available via World Wide Web. Access may be limited to ProQuest Ebook Central affiliated libraries.  
655 4 |a Electronic books. 
776 0 8 |i Print version:  |a Kohli-Khandekar, Vanita  |t Bhartiya Madhyam Vyavsaye  |d New Delhi : SAGE Publications India Pvt, Ltd.,c2017 
797 2 |a ProQuest (Firm) 
856 4 0 |u https://ebookcentral.proquest.com/lib/matrademy/detail.action?docID=5770067  |z Click to View